| 000 | 00447pam a2200169 a 4500 | ||
|---|---|---|---|
| 020 |
_a81-7366-786-1 _c |
||
| 041 | _h | ||
| 082 | _bHAM | ||
| 100 | _aHAMILTON B. | ||
| 245 |
_aPROGRAMMING SQL SERVER 2005 1ST ED O`REILLY/ _hTextual Documents |
||
| 250 | _a01-03-2006. | ||
| 260 | _bSHR0FF PUBLISHERS ANDDISTRIBUTORS PVT.LTD.MUMBAI | ||
| 300 |
_aXI/571/12 _c23 X 18 |
||
| 500 | _a12189 | ||
| 653 | _aCOMPUTER NETWORKS (T.E.II) | ||
| 930 | _a11723 | ||
| 999 |
_c54948 _d54948 |
||